000 00379nam a22001697a 4500
003 UA-OsUOA
001 3110
007 ta
008 20050721b un ||||| |||| 00| 0 ukr d
100 _aHardie
700 _aRonald G.
942 _cBK
040 _aUA-OsUOA
_cUA-OsUOA
_dUA-OsUOA
245 _aCollins gem. Diction. of english usage.
_bDictionary
955 _a2
650 7 _2UDC
999 _c289272
_d289272